LEADER 01040nam a22002531i 4500 001 991001358019707536 005 20031104162435.0 008 040407s1969 uika||||||||||||||||eng 035 $ab1275805x-39ule_inst 035 $aARCHE-073768$9ExL 040 $aDip.to Scienze Storiche$bita$cA.t.i. Arché s.c.r.l. Pandora Sicilia s.r.l. 082 04$a759.5 100 1 $aPanofsky, Erwin$010910 245 10$aProblems in Titian mostly iconographic /$cErwin Panofsky 260 $aLondon :$bPhaidon,$cc1969 300 $aXV, 208 p., [67] c. di tav. :$bill. ;$c28 cm 440 4$aThe Wrightsman lectures / delivered under the auspices of the New York University Institute of Fine Arts 650 4$aTiziano Vecellio 907 $a.b1275805x$b02-04-14$c16-04-04 912 $a991001358019707536 945 $aLE009 LA II D 31$g1$i2009000225626$lle009$o-$pE0.00$q-$rn$so $t0$u0$v0$w0$x0$y.i13297624$z16-04-04 996 $aProblems in Titian mostly iconographic$9267162 997 $aUNISALENTO 998 $ale009$b16-04-04$cm$da $e-$feng$guik$h0$i1 LEADER 00806nam a2200241 i 4500 001 991002967849707536 005 20021022144419.0 008 960610s1978 it ||| | ita 035 $ab11735466-39ule_inst 035 $aLE021FD223723$9ExL 040 $aDip. SSSC$bita 082 0 $a791.43 100 1 $aMancini, Michele$040183 245 10$aMax Ophuls /$cMichele Mancini 260 $aFirenze :$bLa Nuova Italia,$c1978 300 $a145 p. ;$c17 cm. 650 4$aOpuls, Max (Maximilian Oppenheimer) 907 $a.b11735466$b21-09-06$c24-10-02 912 $a991002967849707536 945 $aLE021FD C14bisD17$g1$lle023$nFondo D'Amico$o-$pE0.00$q-$rn$so $t0$u0$v0$w0$x0$y.i11975386$z24-10-02 996 $aMax Ophuls$9903620 997 $aUNISALENTO 998 $ale021$b10-06-96$cm$da $e-$fita$git $h0$i1 LEADER 01535nam 2200469 450 001 9910520059403321 005 20220627181037.0 010 $a3-030-84365-3 035 $a(MiAaPQ)EBC6853529 035 $a(Au-PeEL)EBL6853529 035 $a(CKB)20667677500041 035 $a(PPN)260307734 035 $a(EXLCZ)9920667677500041 100 $a20220228d2022 uy 0 101 0 $aeng 135 $aurcnu|||||||| 181 $ctxt$2rdacontent 182 $cc$2rdamedia 183 $acr$2rdacarrier 200 14$aThe radiology survival kit $ewhat you need to know for USMLE and the clinics /$fHayet Amalou, Robert D. Suh, Bradford J. Wood 210 1$aCham, Switzerland :$cSpringer International Publishing,$d[2022] 210 4$d©2022 215 $a1 online resource (488 pages) 311 08$aPrint version: Amalou, Hayet The Radiology Survival Kit Cham : Springer International Publishing AG,c2022 9783030843632 606 $aMedical radiology 606 $aRadiografia mèdica$2thub 606 $aMedical radiology$xData processing 608 $aLlibres electrònics$2thub 615 0$aMedical radiology. 615 7$aRadiografia mèdica 615 0$aMedical radiology$xData processing. 676 $a616.0757 700 $aAmalou$b Hayet$01075353 702 $aSuh$b Robert D. 702 $aWood$b Bradford J. 801 0$bMiAaPQ 801 1$bMiAaPQ 801 2$bMiAaPQ 906 $aBOOK 912 $a9910520059403321 996 $aThe radiology survival kit$92786309 997 $aUNINA